| 000 | 00974nam a22002417a 4500 | ||
|---|---|---|---|
| 005 | 2008062302172.0 | ||
| 008 | 080618t xxu||||| |||| 00| 0 eng d | ||
| 010 | _aENG-90383 | ||
| 020 |
_a8175346932 _c180.00 |
||
| 035 | _aEN-73916 | ||
| 037 | _bDBAD / PUB | ||
| 040 |
_aDPL _bEN |
||
| 082 | _a347.5409 | ||
| 100 | _aSaharay, Madhusudan | ||
| 245 |
_aTextbook on arbitration and conciliation with alternative dispute resolution / _cby Madhusudan Saharay |
||
| 260 |
_aDelhi _bUniversal Law Publishing _c2008 |
||
| 270 |
_aC-FF-1A, Dilkhush Industrial Estate, (Opp. Hans Cinema, lAzadpur) G.T. Karnal Road, _bDelhi _e110033 _k27438103 |
||
| 300 |
_axLii, 246p. _c25 cm (pbk) |
||
| 500 | _aIncludes subject index | ||
| 700 | _a | ||
| 942 |
_cEN _h347.5409 _2ddc _mSAH |
||
| 999 |
_c13849 _d13849 |
||